ბათუმის შოთა რუსთაველის სახელმწიფო უნივერსიტეტის ბიბლიოთეკა

საენათმეცნიერო წერილები = Linguistic papers : (ბიბ.ჩანაწერი № 54988)

000 -ლიდერი
ფიქსირებული სიგრძის საკონტროლო ველი 01813nam a2200325Ia 4500
001 - საკონტროლო ნომერი
საკონტროლო ველი 22059
003 - საკონტროლო ნომრის იდენტიფიკატორი
საკონტროლო ველი GE_BSU
005 - ბოლო ოპერაციის თარიღი და დრო
საკონტროლო ველი 20220930155113.0
008 - ფიქსირებული სიგრძის მონაცემთა ელემენტები - ზოგადი ინფორმაცია
ფიქსირებული სიგრძის საკონტროლო ველი 181216s ||||ge |||||||||||||| ||geo||
040 ## - კატალოგიზაციის წყარო
Transcribing agency GE_BSU
041 ## - ენის კოდი
Language code of text/sound track or separate title geo
080 ## - უნივერსალური ათობითი კლასიფიკაციის ინდექსი
Universal Decimal Classification number 811.353.1'282 ჩ-99
100 ## - მთავარი ჩანაწერი - პიროვნების სახელი
Personal name ჩხუბიანიშვილი, დარეჯან
9 (RLIN) 14940
245 ## - ცნობა სათაურის შესახებ
Title საენათმეცნიერო წერილები = Linguistic papers :
Remainder of title ფერეიდნული ტექსტები ლექსიკონით /
Statement of responsibility, etc დარეჯან ჩხუბიანიშვილი ; რედ. მარინა ბერიძე
264 ## - წარმოების, გამოცემის, დისტრიბუციის და სხვა ცნობები
გამოცემის, წარმოების, დისტრიბუციის... ადგილი თბილისი :
გამოცემის, წარმოების, დისტრიბუციის... სახელწოდება თბილ. უნ-ტის გამ-ბა,
გამოცემის, წარმოების, დისტრიბუციის... თარიღი 2012.
300 ## - ფიზიკური აღწერა
Extent 352 გვ. ;
Dimensions 26 სმ.
500 ## - ზოგადი შენიშვნა
General note პარალელური თავფურცელი ინგლისურ ენაზე
501 ## - შენიშვნა თანმხლებ მასალაზე
With note დანართი გვ. : 348-352
501 ## - შენიშვნა თანმხლებ მასალაზე
With note ზოგი სიტყვის განმარტება გვ. : 307-308
501 ## - შენიშვნა თანმხლებ მასალაზე
With note ლექსიკონი გვ. : 309-347
653 ## - INDEX TERM--UNCONTROLLED
Uncontrolled term საენათმეცნიერო წერილები
653 ## - INDEX TERM--UNCONTROLLED
Uncontrolled term Linguistic papers
653 ## - INDEX TERM--UNCONTROLLED
Uncontrolled term ფერეიდნული ტექსტები ლექსიკონით
653 ## - INDEX TERM--UNCONTROLLED
Uncontrolled term ქართული ენა
653 ## - INDEX TERM--UNCONTROLLED
Uncontrolled term ქართული ენის დიალექტები
700 ## - ADDED ENTRY--PERSONAL NAME
Personal name ბერიძე, მარინა
Relator term რედაქტორი
9 (RLIN) 13718
711 ## - ADDED ENTRY--MEETING NAME
Meeting name or jurisdiction name as entry element თსუ
Subordinate unit არნოლდ ჩიქობავას სახელობის ენათმეცნიერების ინსტიტუტი
9 (RLIN) 14941
942 ## - ADDED ENTRY ELEMENTS (KOHA)
Koha item type წიგნი
Source of classification or shelving scheme
ეგზემპლარები
ჩამოწერის სტატუსი დაკარგული ეგზემპლარის სტატუსი კლასიფიკაციის წყარო ან თაროზე გაწყობის სქემა დაზიანების სტატუსი არ გაიცემა მუდმივი მდებარეობა (დაცვის ადგილი) ამჟამინდელი ადგილსამყოფელი თაროზე განთავსების ადგილი შეძენის თარიღი ღირებულება, შესყიდვის ნორმალური ფასი სრული შენახვის შიფრი შტრიხკოდი ბოლო ოპერაციის თარიღი ეგზემპლარის მიმდევრობითი ნომერი (კეტერი?) ფასის ძალაში შესვლის თარიღი ეგზემპლარის სახეობა საჯარო შენიშვნა
          ბათუმის შოთა რუსთაველის სახელმწიფო უნივერსიტეტის მთავარი ბიბლიოთეკა ბათუმის შოთა რუსთაველის სახელმწიფო უნივერსიტეტის მთავარი ბიბლიოთეკა წიგნსაცავი 2018-12-17 14.60 811.353.1'282 ჩ-99 56828 2018-12-17 56828 2018-12-17 წიგნი 14.60 ₾.
          ბათუმის შოთა რუსთაველის სახელმწიფო უნივერსიტეტის მთავარი ბიბლიოთეკა ბათუმის შოთა რუსთაველის სახელმწიფო უნივერსიტეტის მთავარი ბიბლიოთეკა წიგნსაცავი 2018-12-17 14.60 811.353.1'282 ჩ-99 56829 2018-12-17 56829 2018-12-17 წიგნი 14.60 ₾.
          ბათუმის შოთა რუსთაველის სახელმწიფო უნივერსიტეტის მთავარი ბიბლიოთეკა ბათუმის შოთა რუსთაველის სახელმწიფო უნივერსიტეტის მთავარი ბიბლიოთეკა წიგნსაცავი 2018-12-17 14.60 811.353.1'282 ჩ-99 56830 2018-12-17 56830 2018-12-17 წიგნი 14.60 ₾.
          ბათუმის შოთა რუსთაველის სახელმწიფო უნივერსიტეტის მთავარი ბიბლიოთეკა ბათუმის შოთა რუსთაველის სახელმწიფო უნივერსიტეტის მთავარი ბიბლიოთეკა წიგნსაცავი 2018-12-17 14.60 811.353.1'282 ჩ-99 56831 2018-12-17 56831 2018-12-17 წიგნი 14.60 ₾.
          ბათუმის შოთა რუსთაველის სახელმწიფო უნივერსიტეტის მთავარი ბიბლიოთეკა ბათუმის შოთა რუსთაველის სახელმწიფო უნივერსიტეტის მთავარი ბიბლიოთეკა წიგნსაცავი 2018-12-17 14.60 811.353.1'282 ჩ-99 56832 2018-12-17 56832 2018-12-17 წიგნი 14.60 ₾.